AIDS und Schwule : individuelle Strategien und kollektive Bewältigung : Bericht über die zweite Befragung im Auftrag der Deutschen AIDS-Hilfe e. V. /

Uloženo v:
Podrobná bibliografie
Hlavní autor: Bochow, Michael (Autor)
Médium: Kniha
Jazyk:němčina
Vydáno: Berlin : Deutsche AIDS-Hilfe, 1989
Edice:AIDS-Forum D.A.H. ; 4
Tagy: Přidat tag
Žádné tagy, Buďte první, kdo vytvoří štítek k tomuto záznamu!

MARC

LEADER 00000nam a22000007i 4500
001 IT\ICCU\UBO\3562449
003 ItRI
005 20260115232325.0
008 090128s1989 gw |||||| ||||| |||||c
040 |b ita  |c importazione bologna sebina 
041 7 |a ger  |2 ISO-639-2 
100 1 |a Bochow, Michael  |0 IT\ICCU\UBOV\885932  |4 aut 
245 1 0 |a AIDS und Schwule :  |b individuelle Strategien und kollektive Bewältigung : Bericht über die zweite Befragung im Auftrag der Deutschen AIDS-Hilfe e. V. /  |c Michael Bochow. 
260 |a Berlin :  |b Deutsche AIDS-Hilfe,  |c 1989 
300 |a 119 p. ;  |c 20 cm. 
830 0 |a AIDS-Forum D.A.H. ;  |v 4  |0 IT\ICCU\UBO\3562453 
942 |2 ddc  |c BK  |n 0 
952 |0 0  |1 0  |4 0  |6 A_616_979000000000000_BOC  |7 0  |9 24204  |a BO  |b BO  |d 2026-01-15  |i 2325  |l 0  |o A 616.979 BOC  |p BO2325  |r 2026-01-15 23:23:25  |w 2026-01-15  |x [Sebina 5] [1 v. (2. copia)]  |y BK  |z 1 v. (2. copia) 
952 |0 0  |1 0  |4 0  |6 A_616_979000000000000_BOC  |7 0  |9 24205  |a BO  |b BO  |d 2026-01-15  |i 2378  |l 0  |o A 616.979 BOC  |p BO2378  |r 2026-01-15 23:23:25  |w 2026-01-15  |x [Sebina 5] [1 v.]  |y BK  |z 1 v. 
952 |0 0  |1 0  |4 0  |6 A_616_979000000000000_BOC  |7 0  |9 24206  |a BO  |b BO  |d 2026-01-15  |i 3933  |l 0  |o A 616.979 BOC  |p BO3933  |r 2026-01-15 23:23:25  |w 2026-01-15  |x [Sebina 5] [1 v. (3. copia)]  |y BK  |z 1 v. (3. copia) 
999 |c 20605  |d 20605